Famous Youtubers by the First Letter - Statistics

General Stats
  • This quiz has been taken 35 times
  • The average score is 2 of 11
Answer Stats
Letter Youtuber % Correct
M Mr Beast
88%
P PewDiePie
52%
D Dream
18%
J Jeffree star
6%
A Ace Family
3%
A Azzyland
3%
G Gavin Magnus
3%
G Gordon Ramsey
3%
P Piper Rockelle
3%
R React
3%
S SSniperwolf
3%
No matching quizzes found
Score Distribution
Percent of People with Each Score
Percentile by Number Answered
Your Score History
You have not taken this quiz